书目信息 |
| 题名: |
保龄球技巧图解
|
|
| 作者: | 杨云琳 编著 | |
| 分册: | ||
| 出版信息: | 北京 北京体育大学出版社 2004 |
|
| 页数: | 140页 | |
| 开本: | 20cm | |
| 丛书名: | ||
| 单 册: | ||
| 中图分类: | G849.419 | |
| 科图分类: | ||
| 主题词: | 保龄球运动--基本知识 , 保龄球运动 | |
| 电子资源: | ||
| ISBN: | 7-81100-035-0 | |
| 000 | 00791nam0 2200241 450 | |
| 001 | 002684402 | |
| 005 | 20061114094741.78 | |
| 010 | @a7-81100-035-0@dCNY14.00 | |
| 100 | @a20040720d2004 em y0chiy0110 ea | |
| 101 | 0 | @achi |
| 102 | @aCN@b110000 | |
| 105 | @aa z 000yy | |
| 200 | 1 | @a保龄球技巧图解@9bao ling qiu ji qiao tu jie@f杨云琳等编著 |
| 210 | @a北京@c北京体育大学出版社@d2004 | |
| 215 | @a140页@c图@d20cm | |
| 304 | @a杨云琳,封面题:杨云林 | |
| 330 | @a该书分为基础知识、基本技术、完美的全中球以及补中四大部分。书中分别以图解的方式,介绍了保龄球的持球、预备姿势与位置、投球等内容。 | |
| 606 | 0 | @a保龄球运动@x基本知识 |
| 606 | 0 | @a保龄球运动 |
| 690 | @aG849.419@v4 | |
| 701 | 0 | @a杨云琳@9yang yun lin@4编著 |
| 801 | 0 | @aCN@bNLC@c20061114 |
| 905 | @a10447@dG849.419@e264 | |
| 保龄球技巧图解/杨云琳等编著.-北京:北京体育大学出版社,2004 |
| 140页:图;20cm |
| ISBN 7-81100-035-0:CNY14.00 |
| 该书分为基础知识、基本技术、完美的全中球以及补中四大部分。书中分别以图解的方式,介绍了保龄球的持球、预备姿势与位置、投球等内容。 |
| ● |
| 相关链接 |
|
|
|
|
正题名:保龄球技巧图解
索取号:G849.419/264
 
预约/预借
| 序号 | 登录号 | 条形码 | 馆藏地/架位号 | 状态 | 备注 |
| 1 | 0383179 | 203831791 | 第一样本阅览室/ [索取号:G849.419/264] | 在馆 | |
| 2 | 0383180 | 203831808 | 第四借阅区/ [索取号:G849.419/264] | 在馆 | |
| 3 | 0383181 | 203831817 | 第四借阅区/ [索取号:G849.419/264] | 在馆 | |
| 4 | 0383182 | 203831826 | 第四借阅区/ [索取号:G849.419/264] | 在馆 | |
| 5 | 0383183 | 203831835 | 第四借阅区/ [索取号:G849.419/264] | 在馆 |